书目信息 |
| 题名: |
静卧在风中的故事
|
|
| 作者: | 郭浩 主编 ;云南艺术学院 编 | |
| 分册: | ||
| 出版信息: | 昆明 云南美术出版社 2018.11 |
|
| 页数: | 297页 | |
| 开本: | 30cm | |
| 丛书名: | 滇越铁路影像纪行系列丛书 | |
| 单 册: | ||
| 中图分类: | F532.9-64 | |
| 科图分类: | ||
| 主题词: | 铁路运输--tie lu yun shu--交通运输史--云南--摄影集 | |
| 电子资源: | ||
| ISBN: | 978-7-5489-3434-9 | |
| 000 | 01552nam 2200337 450 | |
| 001 | 0100011074 | |
| 005 | 20190905093952.0 | |
| 010 | @a978-7-5489-3434-9@b精装@dCNY260.00 | |
| 100 | @a20190904d2018 em y0chiy50 ea | |
| 101 | 0 | @achi |
| 102 | @aCN@b530000 | |
| 105 | @aa z 000yy | |
| 106 | @ar | |
| 200 | 1 | @a静卧在风中的故事@Ajing wo zai feng zhong de gu shi@d= Storieslying silently in wind@d= Histoires propagees calmement au gre du vent@f云南艺术学院编@zeng@zfre |
| 210 | @a昆明@c云南美术出版社@d2018.11 | |
| 215 | @a297页@c图@d30cm | |
| 225 | 2 | @a滇越铁路影像纪行系列丛书@Adian yue tie lu ying xiang ji xing xi lie cong shu@v3 |
| 225 | 2 | @a终将消失的印迹 —— 滇越铁路影像纪行@Azhong jiang xiao shi de yin ji —— dian yue tie lu ying xiang ji xing |
| 300 | @a国家艺术基金 | |
| 314 | @a版权页题: 郭浩主编 | |
| 330 | @a本书为《终将消失的印迹 —— 滇越铁路影像纪行》丛书中的第三册, 该丛书包含《点与线的交织》《国人的傲与悲》《面向大海》《寻找与再现》四册, 内容为越铁路的“铁路现状”、“沿途风光”“风俗民情”、“人物故事”、“今夕对比”等。 | |
| 410 | 0 | @12001 @a滇越铁路影像纪行系列丛书@v3 |
| 410 | 0 | @12001 @a终将消失的印迹 —— 滇越铁路影像纪行 |
| 510 | 1 | @aStorieslying silently in wind@zeng |
| 510 | 1 | @aHistoires propagees calmement au gre du vent@zfre |
| 606 | 0 | @a铁路运输@Atie lu yun shu@x交通运输史@y云南@j摄影集 |
| 690 | @aF532.9-64@v5 | |
| 701 | 0 | @a郭浩@Aguo hao@4主编 |
| 712 | 02 | @a云南艺术学院@Ayun nan yi shu xue yuan@4编 |
| 801 | 0 | @aCN@c20190905 |
| 905 | @a河南城建学院图书馆@dF532.9-64@eG806-3 | |
| 静卧在风中的故事= Storieslying silently in wind= Histoires propagees calmement au gre du vent/云南艺术学院编.-昆明:云南美术出版社,2018.11 |
| 297页:图;30cm.-(滇越铁路影像纪行系列丛书;3).-(终将消失的印迹 —— 滇越铁路影像纪行) |
| 国家艺术基金 |
| ISBN 978-7-5489-3434-9(精装):CNY260.00 |
| 本书为《终将消失的印迹 —— 滇越铁路影像纪行》丛书中的第三册, 该丛书包含《点与线的交织》《国人的傲与悲》《面向大海》《寻找与再现》四册, 内容为越铁路的“铁路现状”、“沿途风光”“风俗民情”、“人物故事”、“今夕对比”等。 |
| ● |
| 相关链接 |
|
|
|
正题名:静卧在风中的故事
索取号:F532.9-64/G806-3
 
预约/预借
| 序号 | 登录号 | 条形码 | 馆藏地/架位号 | 状态 | 备注 |
| 1 | 1439428 | 214394289 | 社科库409/409社科库 38排1列2层/ [索取号:F532.9-64/G806-3] | 在馆 |